000 00846nam a2200253 a 4500
001 BRCA_6862
005 20190320205623.0
008 101111s1940----ag-a######---#000-0#spa-#
041 _aspa
044 _aag
050 4 _aDD247
_b.H5 R38 1940
245 1 0 _aHitler me dijo
_bconfidencias del führer sobre su plan de conquista del mundo
_cHermann Rauschning ; versión castellana por Enrique Marti.
260 _aBuenos Aires
_bLibrería Hachette
_c1940
300 _a243 p.
_bil.
_c21 cm.
500 _aEstado físico: lomo y cubiertas desprendidos
500 _aO50
600 1 4 _aHitler, Adolfo
_d1889-1945
_917099
650 1 4 _aHitler, Adolf
_y1889-1945
_917100
651 4 _aAlemania
_xHistoria
_z1933-1945
_917101
700 1 _aRauschning, Hermann
_eaut.
_917102
700 1 _aMarti, Enrique
_etr.
_917103
902 _aGFM
942 _2lcc
_cB
999 _c6544
_d6544